Statistics for AFC/AL or NFC/NL Cities

Click here to take the quiz!

General Stats

  • This quiz has been taken 41 times
    (4 since last reset)
  • The average score is 10 of 13

Answer Stats

Conference/LeagueAnswer% Correct
AmericanBaltimore
100%
AmericanBoston
100%
NationalChicago
100%
AmericanHouston
100%
BothLos Angeles
100%
BothNew York City
100%
NationalAtlanta
67%
AmericanCleveland
67%
NationalPhiladelphia
67%
NationalPhoenix
67%
NationalSan Francisco
67%
AmericanKansas City
33%
NationalWashington DC
33%

Score Distribution

Percentile by Number Answered

Percent of People with Each Score

Your Score History

You have not taken this quiz since the last reset